LEADER 01344nam a2200241 4500 001 000000364366 003 CaOOAMICUS 005 20250917090155.0 008 250917s1709 it 000 u ita r 026 $adila dico lii, elal (3) 1709 (R) 040 $aSeMil$bita 100 11$aCabiati, Giuseppe,$d.$0(OLS)http://semarc/name/122767 245 10$aQuanto di straordinario, e curioso è seguito nell'inverno dell'anno millesettecento nove in alcune parti della Lombardia; rappresentati da Giuseppe Cabiati all'illustrissimo signore, il signor conte Marc'Antonio Visconti. 264 1$aIn Milano :$bnella Stampa d'Ambrogio Ramellati,$c1709. 300 $a28 p. ;$c8° 500 $aSegn.: A-B? C? 500 $aIniz. xilogr. 700 1 $aRamellati, Ambrogio,$c.$0(OLS)http://semarc/name/83626 850 $aSeMil 852 $aSeMil$W1$xVenegono$y1$m5B II 39/10 FA$j261905$B255233$CSeMilBibl$Z2$F255233 $8I 996 $6245$aQuanto di straordinario, e curioso è seguito nell'inverno dell'anno millesettecento nove in alcune parti della Lombardia; rappresentati da Giuseppe Cabiati all'illustrissimo signore, il signor conte Marc'Antonio Visconti$9(OLS)http://semarc/title/455729 996 $6264$aIn Milano :$bnella Stampa d'Ambrogio Ramellati$9(OLS)http://semarc/publisher/59053 LEADER 01289nam a2200217 i 4500 001 000000182352 003 CaOOAMICUS 005 20151102000000.0 008 151102s1993 it u000 u ita u 013 $a160307 040 $aSeMil$bita 245 10$aMi ha consacrato... mi ha mandato :$bla missione dell'istituto nella pastorale vocazionale e nella formazione. Atti del 10. Convegno degli Uffici nazionali Formazione e Vocazioni CISM Collevalenza 23-27 novembre 1992 /$cConferenza Italiana Superiori Maggiori (CISM) 260 $aRoma :$bRogate,$cstampa 1993. 300 $a282 p. ;$c21 cm. 650 4$aConferenza Italiana Superiori Maggiori - Atti di congressi.$0(OLS)http://semarc/subject/34515 710 2 $aCISM .$0(OLS)http://semarc/name/21361 850 $aSeMil 852 $aSeMil$W1$xVenegono$y1$m3G III 363$j133056$B133056$CSeMilBibl$Z2$F144843 $81 961 $aOmaggio: Martinelli don Romano 996 $6245$aMi ha consacrato... mi ha mandato :$bla missione dell'istituto nella pastorale vocazionale e nella formazione. Atti del 10. Convegno degli Uffici nazionali Formazione e Vocazioni CISM Collevalenza 23-27 novembre 1992$9(OLS)http://semarc/title/261664 996 $6260$aRoma :$bRogate$9(OLS)http://semarc/publisher/31830